Statistics for Major Battles in Napoleonic Wars with a Map

Click here to take the quiz!

General Stats

  • This quiz has been taken 752 times
  • The average score is 6 of 13

Answer Stats

Year Battle % Correct
1815Waterloo
97%
1805Austerlitz
76%
1805Trafalgar
75%
1813Leipzig
54%
1812Borodino
54%
1798Aboukir/Nile
48%
1801Copenhagen
40%
1800Marengo
33%
1813Dresden
28%
1805Ulm
27%
1809Wagram
24%
1807Friedland
22%
1807Eylau
21%

Score Distribution

Percentile by Number Answered

Percent of People with Each Score

Your Score History

You have not taken this quiz